The House is Black = Khaneh siah ast /

שמור ב:
מידע ביבליוגרפי
מחבר ראשי: Farrojzad, Forugh (realización)
מחברים אחרים: Minasian, Soleiman (fotógrafo) (fotógrafo), Farrojzad, Forugh (montaje) (montaje), Farshchi, Minoo (actuación) (actuación), Kasraian, Mani (actuación) (actuación), Adineh, Golah (actuación) (actuación), Makhmalbaf, Mohsen (realización) (realización), Makhmalbaf, Mohsen (guión) (guión), Kalari, Mahmoud (fotógrafo) (fotógrafo), Makhmalbaf, Mohsen (montaje) (montaje), Sayyahi, Abbas (actuación) (actuación), Karami, Mohammad-Hassan (actuación) (actuación), Jahanpour, Abdollah (actuación) (actuación), Sa'ati, Aziz (fotógrafo) (fotógrafo), Doll, Susan (texto del folleto) (texto del folleto), Marker, Chris (texto del folleto) (texto del folleto), Rosenbaum, Jonathan (texto del folleto) (texto del folleto)
פורמט: שקופית
יצא לאור: Irán : Studio Golestan : Farabi Cinema Foundation, 1962-1997
נושאים:
תגים: הוספת תג
אין תגיות, היה/י הראשונ/ה לתייג את הרשומה!

MARC

LEADER 00000ngm^a2200000^a^4500
001 000188597
005 20251020000000.0
009 20260310102342.145
020 |a 1-56580-434-1 
037 |a Acervo ITESO - Biblioteca 
041 |a OTR 
082 |a 891. 52  |b FAR 
100 |a Farrojzad, Forugh  |e (realización) 
240 1 4 |a [La casa es negra] 
240 1 1 |a [Oscura es la casa] 
245 1 4 |a The House is Black =  |b Khaneh siah ast /  |c Realización de F. Farrojzad. 
246 2 |a Título en México: Oscura es la casa 
246 2 |a Título alternativo en español (España): La casa es negra 
246 2 |a Título alternativo en inglés: Wind, Ruined the School 
264 1 |a Irán :  |b Studio Golestan :  |b Farabi Cinema Foundation,  |c 1962-1997 
264 2 |a Chicago, EUA :  |b Facets Video [distribución],  |c 2005, c2005 
300 |a 1 DVD multirregión (22, 8, 17 min.) :  |b blanco y negro, color +  |e 1 folleto (19 p.) 
336 |a imagen móvil bidimensional  |b tdi  |2 rdacontenido 
337 |a video  |b v  |2 rdamedio 
338 |a videodisco  |b vd  |2 rdasoporte 
545 0 |a Forugh Farrojzad, creadora nacida en Teherán en 1935, es una figura esencial en la historia de la cultura de Irán durante el siglo XX. Fue criada durante el proceso de occidentalización del período de la dinastía Pahlavi, pero dentro de un hogar de clase media observante de las tradiciones del mundo islámico-persa. Aunque ya componía versos en sus años estudiantiles, no es sino hasta después de una compleja travesía personal (matrimonio, divorcio, pérdida de la custodia de su único hijo) que irrumpe en la escena literaria con el volumen Cautiva (1955), cuyas poesías iconoclastas reciben el rechazo de los academicistas. El muro (1956) y Rebelión (1958), sus subsecuentes libros de poemas; la lectura de autores como Paul Verlaine y Paul Eluard; un primer viaje a Europa y el inicio de su relación sentimental con el cineasta Ebrahim Golestan forman parte de la primera etapa del itinerario de la poetisa. Tras estudiar cine en Inglaterra, dirige el cortometraje documental La casa es negra/Oscura es la casa (1962), referente a una colonia de leprosos en Tabriz, que es galardonado un año después en el Festival de Mannheim, Alemania, y presenta el volumen de poesías Otro nacimiento (1964), que refleja su emancipación y liberación de la tradición, tanto en el plano formal como personal. Dueña de una creatividad y personalidad anticonvencionales, la escritora-cineasta abre su abánico hacia la actuación teatral y envía a las prensas el poemario póstumo Tengamos fe en el comienzo de la estación del frío (1965). Cuando preparaba el papel de una obra teatral, Farrojzad falleció en 1967 en un accidente automovilístico. La temprana incursión en el mundo creativo se cerró con la pronta despedida de una personalidad descalificada por los sectores más conservadores de la sociedad iraní, admirada por escritores y cineastas de todo el mundo y emblema del feminismo en su país. 
546 |a En farsi, con subtítulos en inglés 
586 |a Mejores Documentales de la Historia: Encuesta de la revista Sight and Sound, selección de críticos (2014): 19°, ex aequo 
586 |a Mejores Películas de la Historia Dirigidas por Mujeres: Encuesta de la BBC (2019): 25ª 
586 |a Mejores Películas de la Historia Dirigidas por Mujeres: Selección del portal IndieWire (2019): 47ª 
649 |a XX 
650 |a Marginados Sociales -  |z Irán -  |x Condiciones Sociales y Culturales 
650 |a Enfermos -  |z Irán -  |x Condiciones Sociales y Culturales 
650 |a Poesía en el Cine 
650 |a Documentales 
650 |a Cortometrajes y Mediometrajes Iraníes 
650 |a Cine de Mujeres -  |z Irán 
650 |a Cine en Blanco y Negro -  |z Irán 
650 |a Cine Mudo -  |z Irán -  |x Historia y Crítica 
650 |a Cine Iraní -  |y 1960-1969 
650 |a Cine Iraní -  |y 1990-1999 
650 |a Cine Iraní -  |y Siglo XX 
650 |a Cine Iraní -  |x Historia y Crítica 
650 |a Leproserías -  |z Tabriz, Irán -  |x Tema Principal 
650 |a Leproserías -  |z Azerbaiján Oriental, Irán 
650 |a Leproserías -  |z Irán 
650 |a Lepra -  |z Irán -  |x Historia -  |y Mohamed Reza Palhevi, 1941-1979 
650 |a Lepra -  |z Irán -  |x Historia -  |y Siglo XX 
650 |a Enfermedades Infecciosas -  |z Irán -  |x Historia 
650 |a Marginación -  |z Irán -  |x Historia 
650 |a Problemas Sociales -  |z Irán -  |x Historia 
650 |a Tabriz, Irán en el Cine 
650 |a Azerbaiján Oriental, Irán en el Cine 
700 |a Minasian, Soleiman  |e (fotógrafo) 
700 |a Farrojzad, Forugh  |e (montaje) 
700 |a Farshchi, Minoo  |e (actuación) 
700 |a Kasraian, Mani  |e (actuación) 
700 |a Adineh, Golah  |e (actuación) 
700 |a Makhmalbaf, Mohsen  |e (realización) 
700 |a Makhmalbaf, Mohsen  |e (guión) 
700 |a Kalari, Mahmoud  |e (fotógrafo) 
700 |a Makhmalbaf, Mohsen  |e (montaje) 
700 |a Sayyahi, Abbas  |e (actuación) 
700 |a Karami, Mohammad-Hassan  |e (actuación) 
700 |a Jahanpour, Abdollah  |e (actuación) 
700 |a Sa'ati, Aziz  |e (fotógrafo) 
700 |a Doll, Susan  |e (texto del folleto) 
700 |a Marker, Chris  |e (texto del folleto) 
700 |a Rosenbaum, Jonathan  |e (texto del folleto) 
740 4 |a The School that Was Blown Away /  |c Realización de M. Makhmalbaf. 
740 4 |a Images from the Ghajar Dinasty /  |c Realización de M. Makhmalbaf. 
740 0 |a Forough Farrokhzad :  |b A Seriously Rebellious Woman /  |c Texto del folleto de S. Doll. 
740 0 |a On Forough Farrokhzad /  |c Texto del folleto de C. Marker. 
740 0 |a Mohsen Makhmalbaf :  |b From Militant to Artist /  |c Texto del folleto de S. Doll. 
740 0 |a Radical Humanism and the Coexistence of Film and Poetry in The House is Black /  |c Texto del folleto de J. Rosenbaum. 
910 |a Fondo General 
920 |a Audiovisuales - DVDs 
940 |a Películas 
905 |a 302 
901 |a 0500129213  |b IT2  |c DVS  |u 20250521 
901 |a 0500129212  |b IT2  |c MIN  |u 20251020 
902 |a https://opac.biblio.iteso.mx/vufind/Record/000188597